000 01258nam0a22003251 4500
001 RU\NLR\INFOCOMM_223\5000057884
005 20250613100931.0
035 _a(NLR Aleph) 009365782
090 _a7890665
_c7890665
100 _a20101210d1965 |||y0rusy50 ca
101 1 _aeng
_crus
102 _aRU
105 _aa ||||000|y
200 1 _aHigh-energy summation of ladder graphs
_fBy I. F. Ginzburg and V. V. Serebryakov
_gTransl. from Russian by N. Chernova
210 _aNovosibirsk
_ced. by the authors
_d1965
215 _a36 с.
_cил.
_d21 см
225 1 _aPreprint
_fUSSR. Acad. of sciences. Siberian division, Inst. for mathematics
_vТФ-14
300 _aНа обл. надзаголовок на рус. яз.: Акад. наук СССР. Сибирское отд-ние. Ин-т математики
309 _aОтпеч. множит. аппаратом
320 _aБиблиогр.: с. 36
686 _aФз-110
_2rubbk
686 _aˆ[‰В319.1]
_2rubbk
700 1 _aGinzburg
_bI. F.
_gIl'ja Fajzil'evič
_4070
701 1 _9z01790
_aSerebrjakov
_bV. V.
_4070
790 1 _9z01701
_aSerebryakov
_bV. V.
_4070
801 1 _aRU
_bNLR
_c20101210
801 0 _aRU
_bNLR
_gPSBO
852 _aNLR
_jФз01 Г-4/165
942 _cBOOK
980 _aNB